[Event "VIE-chB"]
[Site "Ba Dinh"]
[Date "2018.11.30"]
[Round "4"]
[White "Dao, Thien Hai"]
[Black "Nguyen, Van Toan Thanh"]
[Result "1-0"]
[WhiteElo "2477"]
[BlackElo "2015"]
[PlyCount "105"]
[EventDate "2018.11.28"]
[EventType "swiss"]
[EventRounds "9"]
[EventCountry "VIE"]
[SourceTitle "EXT 2021"]
[Source "ChessBase"]
[SourceDate "2020.10.23"]
[SourceVersion "1"]
[SourceVersionDate "2020.10.23"]
[SourceQuality "1"]

1. d4 d5 2. c4 dxc4 3. e4 e5 4. Nf3 exd4 5. Bxc4 Bb4+ 6. Nbd2 Nc6 7. 0-0 Nf6 8. e5 Nd5 9. Nb3 0-0 10. Nbxd4 Nce7 11. Bg5 c6 12. Rc1 Qe8 13. Nb3 b5 14. Bd3 Ng6 15. a3 Be7 16. Bxe7 Ngxe7 17. Nfd4 f5 18. Qd2 Rb8 19. f4 Rb6 20. Nc5 Kh8 21. g3 Nc7 22. Rfd1 Ned5 23. Re1 Qe7 24. b4 g5 25. Qf2 gxf4 26. gxf4 Rg8+ 27. Kh1 Rg4 28. Ne2 Be6 29. Nxe6 Qxe6 30. Qf3 Qf7 31. Rg1 Rxg1+ 32. Rxg1 Ne6 33. Rc1 Rb8 34. Rxc6 Ndxf4 35. Nxf4 Nxf4 36. Rf6 Qb3 37. Rxf5 Nxd3 38. Rf8+ Rxf8 39. Qxf8+ Qg8 40. Qf6+ Qg7 41. Qd8+ Qg8 42. Qxd3 Qg5 43. Qg3 Qd2 44. h4 h5 45. Kg1 Qc1+ 46. Kg2 Qb2+ 47. Kh3 Qa2 48. Qe3 Qe6+ 49. Kh2 Kg8 50. Qg5+ Kf8 51. Qxh5 Qa2+ 52. Kg3 Qxa3+ 53. Qf3+ 1-0

[Event "VIE-ch"]
[Site "Ho Chi Minh City"]
[Date "2018.04.29"]
[Round "5"]
[White "Tran, Minh Thang"]
[Black "Dao, Thien Hai"]
[Result "1/2-1/2"]
[WhiteElo "2406"]
[BlackElo "2468"]
[PlyCount "95"]
[EventDate "2018.04.27"]
[EventType "swiss"]
[EventRounds "9"]
[EventCountry "VIE"]
[SourceTitle "CBM 184 Extra"]
[Source "ChessBase"]
[SourceDate "2018.06.28"]
[SourceVersion "1"]
[SourceVersionDate "2018.06.28"]
[SourceQuality "1"]

1. d4 d5 2. Bf4 c5 3. e3 Nc6 4. Nf3 Nf6 5. Nbd2 cxd4 6. exd4 Qb6 7. Nb3 Bg4 8. Be2 e6 9. 0-0 Be7 10. a4 0-0 11. a5 Qd8 12. h3 Bf5 13. c3 Rc8 14. Nc5 b6 15. Nb7 Qd7 16. a6 Ne4 17. Bd3 Bg6 18. Bb5 f6 19. Re1 Nd6 20. Bf1 Rfe8 21. Qa4 Bf8 22. b3 Be4 23. Nd2 Bf5 24. Bh2 e5 25. dxe5 Nxe5 26. Qd4 Ne4 27. Nxe4 dxe4 28. Qxd7 Bxd7 29. Rxe4 Rxc3 30. f4 Nd3 31. Rxe8 Bxe8 32. f5 Ne5 33. Nd8 g6 34. Bxe5 fxe5 35. f6 Bc5+ 36. Kh1 Bf7 37. Bc4 Bxc4 38. bxc4 Rd3 39. Ne6 Kf7 40. Nxc5 bxc5 41. Ra5 Kxf6 42. Rxc5 Rd6 43. Rc7 Rxa6 44. Rxh7 e4 45. Kh2 Ke5 46. Kg3 Ra3+ 47. Kg4 a5 48. Rg7 1/2-1/2

[Event "VIE-ch"]
[Site "Ho Chi Minh City"]
[Date "2018.04.27"]
[Round "2"]
[White "Dao, Thien Hai"]
[Black "Dang, Hoang Son"]
[Result "1-0"]
[WhiteElo "2468"]
[BlackElo "2323"]
[PlyCount "83"]
[EventDate "2018.04.27"]
[EventType "swiss"]
[EventRounds "9"]
[EventCountry "VIE"]
[SourceTitle "CBM 184 Extra"]
[Source "ChessBase"]
[SourceDate "2018.06.28"]
[SourceVersion "1"]
[SourceVersionDate "2018.06.28"]
[SourceQuality "1"]

1. d4 Nf6 2. c4 g6 3. Nc3 Bg7 4. e4 0-0 5. Bg5 d6 6. Be2 c6 7. Qd2 a6 8. Nf3 b5 9. e5 b4 10. exf6 bxc3 11. bxc3 exf6 12. Bf4 Re8 13. 0-0 Bf5 14. Rfe1 Bf8 15. h3 Nd7 16. Nh4 Be4 17. f3 g5 18. fxe4 Rxe4 19. Bg3 gxh4 20. Bd3 Rxe1+ 21. Bxe1 Bg7 22. Bxh4 Nf8 23. Bg3 a5 24. a4 d5 25. c5 Qd7 26. Rf1 Re8 27. Kh2 Ng6 28. Bf5 Qb7 29. Rb1 Qa6 30. Bd3 Qc8 31. Rb8 Qe6 32. Bf5 Qe7 33. Rb6 Qe3 34. Qxe3 Rxe3 35. Rb8+ Nf8 36. Bd7 f5 37. Bxc6 Rxc3 38. Bxd5 Bxd4 39. Bd6 Bg7 40. c6 Rd3 41. Rb5 Ne6 42. Bxe6 1-0

[Event "Hanoi HD Bank op-A 8th"]
[Site "Hanoi"]
[Date "2018.03.15"]
[Round "9"]
[White "Sammed Jaykumar, Shete"]
[Black "Dao, Thien Hai"]
[Result "0-1"]
[WhiteElo "2382"]
[BlackElo "2474"]
[PlyCount "130"]
[EventDate "2018.03.10"]
[EventType "swiss"]
[EventRounds "9"]
[EventCountry "VIE"]
[SourceTitle "CBM 183 Extra"]
[Source "ChessBase"]
[SourceDate "2018.04.19"]
[SourceVersion "1"]
[SourceVersionDate "2018.04.19"]
[SourceQuality "1"]

1. e4 c5 2. Nf3 d6 3. d4 cxd4 4. Nxd4 Nf6 5. Nc3 a6 6. h3 e6 7. g4 d5 8. Nde2 Bb4 9. exd5 Nxd5 10. Bg2 Qc7 11. Bd2 Nxc3 12. Nxc3 Bd7 13. Ne4 Bxd2+ 14. Qxd2 0-0 15. 0-0-0 Bc6 16. Rhg1 Nd7 17. f4 Rad8 18. Qf2 Bxe4 19. Bxe4 Qc4 20. Bd3 Qxa2 21. c3 Qa5 22. Qh4 g6 23. Kb1 Rfe8 24. Bc2 Nf8 25. f5 Rxd1+ 26. Rxd1 exf5 27. gxf5 Qe5 28. Qg4 Qf6 29. h4 Kg7 30. Rg1 Re7 31. h5 g5 32. Qxg5+ Qxg5 33. Rxg5+ Kh6 34. Rg1 Nd7 35. b4 f6 36. Kb2 Kxh5 37. Bb3 Kh4 38. c4 Ne5 39. c5 Nc6 40. Rd1 Kg5 41. Be6 Nxb4 42. Kc3 Nc6 43. Kc4 h5 44. Kd5 h4 45. Kd6 Rh7 46. Rg1+ Kf4 47. Rf1+ Kg3 48. Bd5 h3 49. Ke6 Rh6 50. Kf7 Nb4 51. Bh1 Nd3 52. Kg7 Rh4 53. Bxb7 Nxc5 54. Bc6 Rf4 55. Rg1+ Kf2 56. Rh1 Rh4 57. Kxf6 Rh6+ 58. Kg7 Rxc6 59. Rxh3 Ne4 60. Ra3 Ke2 61. Kf7 Kd2 62. Ke7 Nf6 63. Kf7 Kc2 64. Rg3 Ne4 65. Rg2+ Kd3 0-1

[Event "Hanoi HD Bank op-A 8th"]
[Site "Hanoi"]
[Date "2018.03.14"]
[Round "8"]
[White "Bhakti, Kulkarni"]
[Black "Dao, Thien Hai"]
[Result "1/2-1/2"]
[WhiteElo "2275"]
[BlackElo "2474"]
[PlyCount "49"]
[EventDate "2018.03.10"]
[EventType "swiss"]
[EventRounds "9"]
[EventCountry "VIE"]
[SourceTitle "CBM 183 Extra"]
[Source "ChessBase"]
[SourceDate "2018.04.19"]
[SourceVersion "1"]
[SourceVersionDate "2018.04.19"]
[SourceQuality "1"]

1. d4 f5 2. c4 Nf6 3. Nc3 g6 4. g3 Bg7 5. Bg2 0-0 6. Nh3 e6 7. 0-0 d6 8. b3 c6 9. Ba3 a5 10. Rc1 Na6 11. Re1 Re8 12. Qd2 Nb4 13. Rcd1 Qc7 14. e4 fxe4 15. Nxe4 Nxe4 16. Bxe4 e5 17. Ng5 d5 18. cxd5 cxd5 19. Bxb4 dxe4 20. dxe5 axb4 21. Qd5+ Kh8 22. Nf7+ Kg8 23. Ng5+ Kh8 24. Nf7+ Kg8 25. Nh6+ 1/2-1/2

[Event "Hanoi HD Bank op-A 8th"]
[Site "Hanoi"]
[Date "2018.03.12"]
[Round "4"]
[White "Cao, Sang"]
[Black "Dao, Thien Hai"]
[Result "1/2-1/2"]
[WhiteElo "2381"]
[BlackElo "2474"]
[PlyCount "50"]
[EventDate "2018.03.10"]
[EventType "swiss"]
[EventRounds "9"]
[EventCountry "VIE"]
[SourceTitle "CBM 183 Extra"]
[Source "ChessBase"]
[SourceDate "2018.04.19"]
[SourceVersion "1"]
[SourceVersionDate "2018.04.19"]
[SourceQuality "1"]

1. e4 e5 2. Nf3 Nf6 3. d4 Nxe4 4. Bd3 d5 5. Nxe5 Be7 6. 0-0 0-0 7. c4 Nf6 8. Nc3 c6 9. Re1 Be6 10. cxd5 cxd5 11. Bf4 Nbd7 12. Qb3 Nxe5 13. Bxe5 Qb6 14. Qxb6 axb6 15. Nb5 Bb4 16. Rec1 Nd7 17. Bd6 Bxd6 18. Nxd6 Ra4 19. Nb5 Rb8 20. b3 Ra5 21. a4 Nf8 22. f3 Bd7 23. Kf2 Bxb5 24. Bxb5 Ne6 25. Ke3 Rd8 1/2-1/2

[Event "Asian Indoor Games 5th"]
[Site "Ashkhabad"]
[Date "2017.09.21"]
[Round "1"]
[White "Weerawardane, Romesh"]
[Black "Dao, Thien Hai"]
[Result "0-1"]
[WhiteElo "2078"]
[BlackElo "2463"]
[PlyCount "83"]
[EventDate "2017.09.21"]
[EventType "swiss"]
[EventRounds "7"]
[EventCountry "TKM"]
[SourceTitle "CBM 180 Extra"]
[Source "ChessBase"]
[SourceDate "2017.10.06"]
[SourceVersion "1"]
[SourceVersionDate "2017.10.06"]
[SourceQuality "1"]

1. e4 c5 2. Nf3 d6 3. d4 cxd4 4. Nxd4 Nf6 5. Nc3 a6 6. Bg5 Nbd7 7. Qe2 e6 8. f4 Qc7 9. 0-0-0 Be7 10. g4 h6 11. Bh4 g5 12. fxg5 Nh7 13. Bg3 hxg5 14. Nf5 Ne5 15. Nxe7 Kxe7 16. h4 Bd7 17. hxg5 Nxg5 18. Rh5 f6 19. Qh2 Rxh5 20. gxh5 Rh8 21. Be2 b5 22. a3 Bc6 23. Bh4 Nef7 24. Rf1 Rh6 25. Qf4 Qb6 26. Bg4 a5 27. Re1 Bd7 28. Bf5 Rxh5 29. Bg6 Rh6 30. Bxf7 Nxf7 31. Nd5+ exd5 32. exd5+ Kf8 33. Bxf6 Rxf6 34. Qxf6 Qd8 35. Qd4 Qg5+ 36. Kb1 a4 37. Qa7 Be8 38. Qd4 Ne5 39. Rf1+ Ke7 40. Rg1 Qf6 41. Ka2 Bd7 42. Qe3 0-1

[Event "VIE-ch"]
[Site "Hanoi"]
[Date "2017.04.20"]
[Round "6"]
[White "Tran, Tuan Minh"]
[Black "Dao, Thien Hai"]
[Result "0-1"]
[WhiteElo "2534"]
[BlackElo "2456"]
[PlyCount "96"]
[EventDate "2017.04.16"]
[EventType "swiss"]
[EventRounds "11"]
[EventCountry "VIE"]
[SourceTitle "CBM 178 Extra"]
[Source "ChessBase"]
[SourceDate "2017.06.22"]
[SourceVersion "1"]
[SourceVersionDate "2017.06.22"]
[SourceQuality "1"]

1. c4 c6 2. e4 e5 3. Nf3 d6 4. Nc3 c5 5. a3 Nc6 6. b4 g6 7. Be2 Bg7 8. 0-0 Nge7 9. Rb1 0-0 10. d3 b6 11. Nd5 h6 12. bxc5 dxc5 13. Bd2 Rb8 14. Bc3 f5 15. Nd2 Nd4 16. Bxd4 cxd4 17. Qa4 Nxd5 18. cxd5 Rf7 19. Rfc1 Bd7 20. Qa6 h5 21. Nf3 Bf6 22. Bd1 Kg7 23. Ba4 Bc8 24. Qc4 fxe4 25. dxe4 Bg4 26. Rb3 Rc8 27. Bc6 Qf8 28. Qa6 Rcc7 29. Rd1 Be7 30. Rdd3 Rf4 31. h3 Bc8 32. Qa4 Bd6 33. Nd2 Rxf2 34. Rf3 Rxf3 35. Rxf3 Rf7 36. Be8 Rxf3 37. Nxf3 Qe7 38. Bc6 g5 39. Qc2 g4 40. hxg4 hxg4 41. Nh2 Qh4 42. Bb5 d3 43. Qxc8 Bc5+ 44. Qxc5 bxc5 45. Bxd3 Qe1+ 46. Nf1 g3 47. d6 Kf6 48. d7 Ke7 0-1

[Event "Ho Chi Minh City HD Bank op 7th"]
[Site "Ho Chi Minh City"]
[Date "2017.03.16"]
[Round "8"]
[White "Dao, Thien Hai"]
[Black "Ghosh, Diptayan"]
[Result "1/2-1/2"]
[WhiteElo "2478"]
[BlackElo "2581"]
[PlyCount "86"]
[EventDate "2017.03.12"]
[EventType "swiss"]
[EventRounds "9"]
[EventCountry "VIE"]
[SourceTitle "CBM 177 Extra"]
[Source "ChessBase"]
[SourceDate "2017.04.27"]
[SourceVersion "1"]
[SourceVersionDate "2017.04.27"]
[SourceQuality "1"]

1. d4 Nf6 2. c4 g6 3. Nc3 d5 4. cxd5 Nxd5 5. e4 Nxc3 6. bxc3 Bg7 7. Nf3 c5 8. Rb1 0-0 9. Be2 cxd4 10. cxd4 Qa5+ 11. Qd2 Qxd2+ 12. Bxd2 e6 13. 0-0 b6 14. Rfc1 Bb7 15. e5 Nc6 16. Be3 Rfd8 17. Rc3 Rac8 18. Rbc1 Nb4 19. Rxc8 Rxc8 20. Rxc8+ Bxc8 21. Bd2 Bf8 22. Bc4 Bb7 23. Kf1 Bd5 24. Bxd5 Nxd5 25. Ke2 Be7 26. Ne1 Kf8 27. Kd3 Ke8 28. Kc4 Kd7 29. a4 Kc6 30. Nc2 a6 31. g3 h5 32. h3 Bd8 33. Kd3 b5 34. axb5+ axb5 35. Bb4 g5 36. Bd2 Be7 37. Be1 h4 38. gxh4 gxh4 39. Bd2 b4 40. Kc4 Nb6+ 41. Kb3 Kd5 42. f3 Nc4 43. Bxb4 Bxb4 1/2-1/2

[Event "Ho Chi Minh City HD Bank op 7th"]
[Site "Ho Chi Minh City"]
[Date "2017.03.14"]
[Round "4"]
[White "Dao, Thien Hai"]
[Black "Tokhirjonova, Gulruhbegim"]
[Result "1/2-1/2"]
[WhiteElo "2478"]
[BlackElo "2297"]
[PlyCount "61"]
[EventDate "2017.03.12"]
[EventType "swiss"]
[EventRounds "9"]
[EventCountry "VIE"]
[SourceTitle "CBM 177 Extra"]
[Source "ChessBase"]
[SourceDate "2017.04.27"]
[SourceVersion "1"]
[SourceVersionDate "2017.04.27"]
[SourceQuality "1"]

1. d4 d5 2. c4 c6 3. Nf3 Nf6 4. Nc3 dxc4 5. a4 Bf5 6. Ne5 Nbd7 7. Nxc4 Qc7 8. g3 e5 9. dxe5 Nxe5 10. Bf4 Nfd7 11. Bg2 f6 12. 0-0 Nc5 13. Ne3 Bg6 14. b4 Ne6 15. Qb3 Bf7 16. Qb1 Nxf4 17. gxf4 Ng6 18. b5 Nxf4 19. bxc6 Nxg2 20. cxb7 Rb8 21. Qe4+ Qe7 22. Kxg2 Qxe4+ 23. Nxe4 Bg6 24. Ng3 Rxb7 25. Rac1 Be7 26. Rc8+ Bd8 27. Rd1 Rd7 28. Nd5 Kf7 29. e4 Re8 30. f3 Kf8 31. Rc5 1/2-1/2

[Event "Ho Chi Minh City HD Bank op 7th"]
[Site "Ho Chi Minh City"]
[Date "2017.03.12"]
[Round "2"]
[White "Dao, Thien Hai"]
[Black "Tran, Ngoc Lan"]
[Result "1-0"]
[WhiteElo "2478"]
[BlackElo "2254"]
[PlyCount "65"]
[EventDate "2017.03.12"]
[EventType "swiss"]
[EventRounds "9"]
[EventCountry "VIE"]
[SourceTitle "CBM 177 Extra"]
[Source "ChessBase"]
[SourceDate "2017.04.27"]
[SourceVersion "1"]
[SourceVersionDate "2017.04.27"]
[SourceQuality "1"]

1. d4 d5 2. c4 e5 3. dxe5 d4 4. Nf3 Nc6 5. g3 Nge7 6. Bg2 Ng6 7. 0-0 Ngxe5 8. Nxe5 Nxe5 9. b3 Bc5 10. Bb2 0-0 11. Nd2 f5 12. Nf3 Nxf3+ 13. Bxf3 c6 14. Qd3 f4 15. Be4 Qg5 16. Bxd4 Bh3 17. Bxc5 Qxc5 18. Rfd1 Rae8 19. Bxh7+ Kh8 20. Bg6 Re6 21. gxf4 Bf5 22. Bxf5 Rxf5 23. Qf3 Rh6 24. Rd7 Qf8 25. e3 Qf6 26. Rad1 Qg6+ 27. Qg3 Qf6 28. R7d6 Qe7 29. Rxh6+ gxh6 30. Kf1 Rh5 31. h3 Qe6 32. Rd8+ Kh7 33. Qg4 1-0

[Event "Tagaytay City zt 3.3"]
[Site "Tagaytay City"]
[Date "2017.02.25"]
[Round "1"]
[White "Dao, Thien Hai"]
[Black "Nguyen, Van Hai"]
[Result "1/2-1/2"]
[WhiteElo "2478"]
[BlackElo "2353"]
[PlyCount "77"]
[EventDate "2017.02.25"]
[EventType "swiss"]
[EventRounds "9"]
[EventCountry "PHI"]
[SourceTitle "CBM 177 Extra"]
[Source "ChessBase"]
[SourceDate "2017.04.27"]
[SourceVersion "1"]
[SourceVersionDate "2017.04.27"]
[SourceQuality "1"]

1. d4 e6 2. c4 Bb4+ 3. Nc3 Nf6 4. Qc2 c5 5. dxc5 Bxc5 6. Nf3 0-0 7. Bg5 Nc6 8. Rd1 a6 9. e4 Qc7 10. Be2 Ng4 11. Bh4 d6 12. 0-0 Bd7 13. Qd2 f6 14. a3 Nge5 15. b4 Nxf3+ 16. Bxf3 Bd4 17. Ne2 e5 18. b5 Na5 19. Nxd4 Nxc4 20. Qc1 exd4 21. bxa6 Qc5 22. axb7 Rxa3 23. Be2 Rc3 24. Qa1 Bc6 25. Rc1 Bxb7 26. Rxc3 dxc3 27. Qxc3 Ne5 28. Qxc5 dxc5 29. f3 Ra8 30. Rc1 Ra2 31. Kf1 c4 32. Be1 Ba6 33. Bc3 Nd3 34. Ra1 Rxa1+ 35. Bxa1 Bb5 36. Bd1 Nb2 37. Be2 Nd3 38. Bd4 Ba4 39. Bxd3 1/2-1/2

[Event "Olympiad-42"]
[Site "Baku"]
[Date "2016.09.11"]
[Round "9.4"]
[White "Guliyev, Namig"]
[Black "Dao, Thien Hai"]
[Result "1/2-1/2"]
[WhiteElo "2577"]
[BlackElo "2486"]
[PlyCount "111"]
[EventDate "2016.09.02"]
[EventType "team-swiss"]
[EventRounds "11"]
[EventCountry "AZE"]
[SourceTitle "CBM 175"]
[Source "ChessBase"]
[SourceDate "2016.11.10"]
[SourceVersion "1"]
[SourceVersionDate "2016.11.10"]
[SourceQuality "1"]
[WhiteTeam "Azerbaijan II"]
[BlackTeam "Vietnam"]
[WhiteTeamCountry "AZE"]
[BlackTeamCountry "VIE"]

1. e4 c5 2. Nf3 d6 3. Bb5+ Nd7 4. d4 cxd4 5. Qxd4 a6 6. Bxd7+ Bxd7 7. c4 e5 8. Qd3 b5 9. Na3 Qb8 10. 0-0 Qb7 11. Re1 Bc6 12. b3 Nf6 13. Nd2 Be7 14. Nc2 0-0 15. Ba3 Rfd8 16. Nb4 Be8 17. Nf1 a5 18. Nc2 Bc6 19. f3 Nh5 20. Nfe3 Nf4 21. Qd2 g6 22. g3 Ne6 23. Nd5 Bg5 24. Qf2 b4 25. Bb2 Bxd5 26. cxd5 Nc5 27. Rad1 Be7 28. f4 f6 29. f5 a4 30. Qf3 axb3 31. axb3 Ra2 32. Rb1 gxf5 33. exf5 Kh8 34. Kg2 Rc8 35. Kh3 Na4 36. Ne3 Nxb2 37. Re2 Qa7 38. Rbxb2 Rxb2 39. Rxb2 Rc3 40. Re2 Bf8 41. Qe4 Rxb3 42. Ng4 Qf7 43. Rd2 Qh5+ 44. Kg2 Qg5 45. Re2 h5 46. Nf2 Kh7 47. Qc4 Rb1 48. Qc7+ Bg7 49. Qd7 Qc1 50. Qf7 Qf1+ 51. Kf3 Rb3+ 52. Re3 e4+ 53. Kxe4 Qg2+ 54. Kd4 Qxf2 55. Qxh5+ Kg8 56. Qe8+ 1/2-1/2

[Event "Olympiad-42"]
[Site "Baku"]
[Date "2016.09.05"]
[Round "4.4"]
[White "Dao, Thien Hai"]
[Black "Daly, Colm"]
[Result "1/2-1/2"]
[WhiteElo "2486"]
[BlackElo "2328"]
[PlyCount "232"]
[EventDate "2016.09.02"]
[EventType "team-swiss"]
[EventRounds "11"]
[EventCountry "AZE"]
[SourceTitle "CBM 175"]
[Source "ChessBase"]
[SourceDate "2016.11.10"]
[SourceVersion "1"]
[SourceVersionDate "2016.11.10"]
[SourceQuality "1"]
[WhiteTeam "Vietnam"]
[BlackTeam "Ireland"]
[WhiteTeamCountry "VIE"]
[BlackTeamCountry "IRL"]

1. d4 d5 2. c4 dxc4 3. e4 c5 4. d5 e6 5. Nc3 exd5 6. Nxd5 Nf6 7. Bxc4 Nxd5 8. Bxd5 Qc7 9. Nf3 Be7 10. 0-0 0-0 11. Be3 Nd7 12. Rc1 Nf6 13. Bxc5 Bxc5 14. b4 Bxf2+ 15. Rxf2 Qb6 16. Qd4 Qxd4 17. Nxd4 Nxd5 18. exd5 Rd8 19. Nb5 Bd7 20. Nd6 Bc8 21. Rfc2 Bg4 22. Nxb7 Rxd5 23. h3 Be6 24. Nc5 Bf5 25. Re2 h5 26. Rce1 Kf8 27. Re5 Rad8 28. a4 g6 29. b5 Rd2 30. R1e2 Rxe2 31. Rxe2 Rd5 32. Nb3 Rd3 33. Rb2 Rd5 34. Kf2 Ke7 35. Na5 Bd7 36. Rc2 Rd4 37. Rc7 Ke6 38. Nc4 h4 39. Ke3 Rd5 40. Rxa7 Rc5 41. Nd2 Rc3+ 42. Ke2 Rg3 43. Kf2 Ra3 44. b6 Bc6 45. b7 Bxb7 46. Rxb7 Rxa4 47. Kf3 f6 48. Rb6+ Ke5 49. Rb5+ Ke6 50. Ne4 Ra3+ 51. Kf2 Ra2+ 52. Kg1 Ra1+ 53. Kf2 Ra2+ 54. Kf1 Ra1+ 55. Ke2 Ra2+ 56. Nd2 g5 57. Rb6+ Ke5 58. Ke3 Ra3+ 59. Rb3 Ra2 60. Rd3 Ke6 61. Rb3 Kf5 62. Rb5+ Ke6 63. Rb6+ Ke5 64. Rb2 Ra4 65. Nf3+ Kf5 66. Nd4+ Kg6 67. Nc2 Ra8 68. Kf3 Rc8 69. Ne3 Rc3 70. Rb6 Ra3 71. Rc6 Kf7 72. Ke4 Ra4+ 73. Nc4 Ra2 74. Kf3 Ra1 75. Nd6+ Kg6 76. Ne4 Rf1+ 77. Ke2 Rf4 78. Nc3 Kf7 79. Ke3 Rf1 80. Nd5 Rf5 81. Rd6 Rf1 82. Ke4 Rf2 83. Ra6 Rxg2 84. Nxf6 Rg3 85. Kf5 Rf3+ 86. Kxg5 Rxh3 87. Ng4 Rh1 88. Ra2 h3 89. Kh4 h2 90. Nxh2 Kf6 91. Kg4 Rg1+ 92. Kf4 Rb1 93. Ra6+ Ke7 94. Nf3 Rb4+ 95. Kf5 Rb1 96. Ke4 Rb4+ 97. Nd4 Rb1 98. Kd5 Rd1 99. Rh6 Kf7 100. Rh4 Ke7 101. Re4+ Kf7 102. Ke5 Ra1 103. Rf4+ Ke7 104. Nf5+ Kd7 105. Rd4+ Kc6 106. Ng3 Re1+ 107. Ne4 Rh1 108. Rc4+ Kb5 109. Rc2 Kb6 110. Nf6 Re1+ 111. Kd6 Kb5 112. Nd5 Rh1 113. Rc5+ Ka4 114. Rc3 Kb5 115. Rc5+ Ka4 116. Rc4+ Kb3 1/2-1/2

[Event "VIE-ch"]
[Site "Vietnam"]
[Date "2016.04.28"]
[Round "2"]
[White "Dao, Thien Hai"]
[Black "Tran, Minh Thang"]
[Result "1/2-1/2"]
[WhiteElo "2476"]
[BlackElo "2332"]
[PlyCount "62"]
[EventDate "2016.04.27"]
[EventType "swiss"]
[EventRounds "9"]
[EventCountry "VIE"]
[SourceTitle "CBM 172 Extra"]
[Source "ChessBase"]
[SourceDate "2016.06.21"]
[SourceVersion "1"]
[SourceVersionDate "2016.06.21"]
[SourceQuality "1"]

1. d4 Nf6 2. c4 g6 3. Nc3 d5 4. cxd5 Nxd5 5. e4 Nxc3 6. bxc3 Bg7 7. Be3 c5 8. Qd2 0-0 9. Rc1 Qa5 10. d5 Rd8 11. Nf3 e6 12. Bh6 exd5 13. Bxg7 Kxg7 14. exd5 Nc6 15. Be2 Ne7 16. c4 Qxd2+ 17. Nxd2 Nf5 18. f3 Nd6 19. Kf2 Bd7 20. Bd3 f5 21. Rhe1 Kf6 22. f4 Re8 23. Nf3 Nf7 24. Rxe8 Rxe8 25. a4 a5 26. Rb1 Nd6 27. Ne5 Ke7 28. Bc2 Kd8 29. h4 Kc7 30. Rh1 Re7 31. g3 Be8 1/2-1/2

[Event "Asia Cup"]
[Site "Abu Dhabi"]
[Date "2016.04.05"]
[Round "9.3"]
[White "Dao, Thien Hai"]
[Black "Vidit, Santosh Gujrathi"]
[Result "1/2-1/2"]
[WhiteElo "2481"]
[BlackElo "2648"]
[PlyCount "47"]
[EventDate "2016.03.28"]
[EventType "team-swiss"]
[EventRounds "9"]
[EventCountry "UAE"]
[SourceTitle "CBM 171 Extra"]
[Source "ChessBase"]
[SourceDate "2016.04.26"]
[SourceVersion "1"]
[SourceVersionDate "2016.04.26"]
[SourceQuality "1"]
[WhiteTeam "Vietnam"]
[BlackTeam "India"]
[WhiteTeamCountry "VIE"]
[BlackTeamCountry "IND"]

1. d4 Nf6 2. c4 g6 3. Nc3 d5 4. cxd5 Nxd5 5. e4 Nxc3 6. bxc3 Bg7 7. Nf3 c5 8. Rb1 0-0 9. Be3 Nc6 10. Qd2 cxd4 11. cxd4 Bg4 12. d5 Bxf3 13. gxf3 Ne5 14. Be2 Qc8 15. 0-0 Qh3 16. Rxb7 Nxf3+ 17. Bxf3 Qxf3 18. Rxe7 Qg4+ 19. Kh1 Qf3+ 20. Kg1 Bf6 21. Rb7 Qg4+ 22. Kh1 Qf3+ 23. Kg1 Qg4+ 24. Kh1 1/2-1/2

[Event "Asia Cup"]
[Site "Abu Dhabi"]
[Date "2016.03.29"]
[Round "2.3"]
[White "Salih, Akar Ali Salih"]
[Black "Dao, Thien Hai"]
[Result "0-1"]
[WhiteElo "2279"]
[BlackElo "2481"]
[PlyCount "142"]
[EventDate "2016.03.28"]
[EventType "team-swiss"]
[EventRounds "9"]
[EventCountry "UAE"]
[SourceTitle "CBM 171 Extra"]
[Source "ChessBase"]
[SourceDate "2016.04.26"]
[SourceVersion "1"]
[SourceVersionDate "2016.04.26"]
[SourceQuality "1"]
[WhiteTeam "Iraq"]
[BlackTeam "Vietnam"]
[WhiteTeamCountry "IRQ"]
[BlackTeamCountry "VIE"]

1. e4 c5 2. Nf3 d6 3. d4 cxd4 4. Nxd4 Nf6 5. Nc3 a6 6. Be3 e6 7. g4 b5 8. g5 Nfd7 9. Qd2 Bb7 10. f3 Nb6 11. 0-0-0 N8d7 12. Qf2 Rc8 13. h4 b4 14. Nb1 d5 15. Nb3 Qc7 16. Na5 Bc5 17. Rd2 0-0 18. Nxb7 Qxb7 19. h5 dxe4 20. h6 g6 21. Bxc5 Nxc5 22. Qd4 f6 23. Qxb4 fxg5 24. Rd6 Rc6 25. Rxc6 Qxc6 26. Qc3 Qc7 27. b4 Nba4 28. Qd4 Nd3+ 29. Bxd3 exd3 30. Qxd3 Qf4+ 31. Nd2 Qxb4 32. Qd7 Qb2+ 33. Kd1 Nc3+ 34. Ke1 Qc1+ 35. Kf2 Qxd2+ 36. Qxd2 Ne4+ 37. Ke2 Nxd2 38. Kxd2 Rxf3 39. Rb1 g4 40. c4 Kf7 41. c5 Rf5 42. c6 Rc5 43. Rb7+ Kf6 44. Rxh7 Rxc6 45. Ra7 Rc8 46. Ke3 Rh8 47. Kf4 Rxh6 48. Kxg4 g5 49. Rxa6 Rh4+ 50. Kg3 Rc4 51. Ra8 Kf5 52. Rf8+ Ke5 53. Rg8 Rc3+ 54. Kg4 Ra3 55. Rxg5+ Kd4 56. Rg8 e5 57. Rd8+ Ke3 58. Re8 e4 59. Kg3 Rxa2 60. Rb8 Ke2 61. Kg2 e3 62. Rb7 Ra8 63. Rb2+ Kd3 64. Rb7 Rg8+ 65. Kf3 Rf8+ 66. Kg2 e2 67. Rd7+ Kc2 68. Rc7+ Kd2 69. Rd7+ Ke1 70. Ra7 Rf2+ 71. Kg1 Rf1+ 0-1

[Event "Ho Chi Minh City HD Bank op-A 6th"]
[Site "Ho Chi Minh City"]
[Date "2016.03.12"]
[Round "8"]
[White "Pham, Le Thao Nguyen"]
[Black "Dao, Thien Hai"]
[Result "0-1"]
[WhiteElo "2335"]
[BlackElo "2481"]
[PlyCount "96"]
[EventDate "2016.03.08"]
[EventType "swiss"]
[EventRounds "9"]
[EventCountry "VIE"]
[SourceTitle "CBM 171 Extra"]
[Source "ChessBase"]
[SourceDate "2016.04.26"]
[SourceVersion "1"]
[SourceVersionDate "2016.04.26"]
[SourceQuality "1"]

1. e4 c5 2. Nf3 e6 3. d3 Nc6 4. g3 Nf6 5. Bg2 d5 6. Nbd2 Be7 7. 0-0 e5 8. c3 0-0 9. Re1 d4 10. c4 Be6 11. h3 Nd7 12. Nh2 a6 13. b3 Qc7 14. Ndf1 f5 15. exf5 Bxf5 16. a3 Rae8 17. Ra2 Bg6 18. Nf3 Qa5 19. Rc2 h6 20. g4 Rf7 21. Rd2 e4 22. dxe4 Nde5 23. Nxe5 Nxe5 24. Ng3 Bg5 25. Nf5 Rd7 26. Rf1 Bxd2 27. Bxd2 Qxa3 28. f4 Nc6 29. e5 Bf7 30. Nd6 Rxd6 31. exd6 Rd8 32. g5 Rxd6 33. h4 d3 34. f5 Nd4 35. g6 Ne2+ 36. Kh2 Be8 37. Bd5+ Rxd5 38. cxd5 Qb2 39. Qe1 Qe5+ 40. Bf4 Qxf5 41. d6 Qxg6 42. Qf2 Bc6 43. Be5 Kh7 44. Rd1 Qe4 45. Bg3 b5 46. Ra1 c4 47. bxc4 bxc4 48. Kh3 c3 0-1

[Event "Ho Chi Minh City HD Bank op-A 6th"]
[Site "Ho Chi Minh City"]
[Date "2016.03.10"]
[Round "4"]
[White "Bui, Vinh"]
[Black "Dao, Thien Hai"]
[Result "1/2-1/2"]
[WhiteElo "2410"]
[BlackElo "2481"]
[PlyCount "60"]
[EventDate "2016.03.08"]
[EventType "swiss"]
[EventRounds "9"]
[EventCountry "VIE"]
[SourceTitle "CBM 171 Extra"]
[Source "ChessBase"]
[SourceDate "2016.04.26"]
[SourceVersion "1"]
[SourceVersionDate "2016.04.26"]
[SourceQuality "1"]

1. d4 d5 2. c4 c6 3. Nf3 Nf6 4. Nc3 dxc4 5. a4 Bf5 6. e3 e6 7. Bxc4 Bb4 8. 0-0 0-0 9. Qe2 Bg6 10. Ne5 Nbd7 11. Nxg6 hxg6 12. Rd1 Qe7 13. e4 e5 14. d5 Nb6 15. Bb3 Rfd8 16. Bg5 a5 17. Rac1 Bc5 18. h3 Rac8 19. dxc6 bxc6 20. Kh1 Rxd1+ 21. Nxd1 Bd4 22. Qc2 Qb7 23. f3 Qa7 24. Nc3 Nh7 25. Bh4 Nf8 26. Ne2 c5 27. Nxd4 exd4 28. Qd3 Ne6 29. Qb5 Nd7 30. Bg3 g5 1/2-1/2